| 000 | 01207nam a22002897a 4500 | ||
|---|---|---|---|
| 003 | PE SENCICO BE | ||
| 005 | 20251020182711.0 | ||
| 008 | 250206b |||||||| |||| 00| 0 eng d | ||
| 020 | _a978-612-4221-99-6 | ||
| 040 |
_aPE SENCICO BE _cPE SENCICO BE |
||
| 041 |
_aspa _aeng |
||
| 082 |
_a745.51 _bJ12 |
||
| 100 | 1 |
_92917 _aJabrane, Faouzi _eautor |
|
| 245 | 1 |
_aDiseñar y construir con bambú en el Perú = Bamboo design and construction in Peru : _b17 proyectos de arquitectura = 17 architecture projects / _cFaouzi Jabrane, Yann Barnet |
|
| 250 | _a1a ed. | ||
| 260 |
_aLima : _bUSMP. Fondo editorial ; _c2019 |
||
| 300 |
_a230 páginas : _bilustraciones a color, láminas ; _c30 cm. |
||
| 505 | 1 | _a¿Por que construir con bambú en el Perú? -- Experiencia y visión de IVUC -- Proyectos construidos del IVUC -- Tipología de vivienda social -- Proyectos personales. | |
| 650 | 1 | 0 |
_9323 _aBambú (Guadua Angustifolia) |
| 650 | 2 | 0 |
_9339 _aConstrucciones de bambú |
| 650 | 2 | 0 |
_959 _aConstrucción de viviendas |
| 650 | 2 | 0 |
_971 _aMateriales de construcción |
| 650 | 2 | 0 |
_9940 _aProyectos de edificaciones |
| 700 | 1 |
_92918 _aBarnet, Yann _eautor |
|
| 910 |
_ahfp _bhfp _chfp |
||
| 942 |
_2ddc _cLIB |
||
| 999 |
_c5091 _d5091 |
||